000 00731cam a2200205 i 4500
020 _a0889360367
040 _cDLC
082 0 0 _a664 IDR 1974 C149 Or.
245 0 0 _aCassava processing and storage :
_bproceedings of an interdisciplinary workshop, Pattaya, Thailand, 17-19 April 1974 /
260 _aOttawa :
_bInternational Development Research Centre,
_cc1974.
300 _a125 p. :
_bill. ;
_c25 cm.
500 _a"IDRC-031e."
500 _a"Workshop on cassava sponsored by the International Development Research Centre."
650 0 _aCassava
700 1 _aAraullo, E. V.
700 1 _aNestel, Barry L.
700 1 _aCampbell, Marilyn.
710 2 _aInternational Development Research Centre (Canada)
942 _cAEDBB
999 _c18644
_d18644